000 00704nam a2200193Ia 4500
003 GCL
008 140319s9999 xx 000 0 ara d
040 _aGCL /
_cGCL
082 0 4 _a922.3
_bم ف
100 1 _aالمنخل اليشكرى
245 1 0 _aفى حكايتهم كبار رجال الادب العربى القديم من شعراء وادباء ورواه ج1 ج2 /
_cالمنخل اليشكرى
260 _a[S.N] :
_bدار الكتاب اللبنانى ،
_c1985
300 _a465 ص
490 _aالمكتبة القصصية
_v0
650 0 4 _aالشعر العربى
650 0 4 _aالادباء العرب
650 0 4 _aالادب العربى - مجموعات
942 _2ddc
_cBK
999 _c53835
_d53835